معجم مصطلحات الحرب النفسية / (رقم التسجيلة. 30807)
[ عرض عادي ]
| 000 -LEADER | |
|---|---|
| fixed length control field | 00706nam a22002057a 4500 |
| 005 - DATE AND TIME OF LATEST TRANSACTION | |
| control field | 20251108165547.0 |
| 008 - FIXED-LENGTH DATA ELEMENTS--GENERAL INFORMATION | |
| fixed length control field | 250721s1992 xx 000 0 ara d |
| 082 14 - DEWEY DECIMAL CLASSIFICATION NUMBER | |
| Classification number | م/327.1403/عرق |
| 100 1# - MAIN ENTRY--PERSONAL NAME | |
| Personal name | أبو عرقوب، إبراهيم |
| 245 10 - TITLE STATEMENT | |
| Title | معجم مصطلحات الحرب النفسية / |
| 264 1# - PRODUCTION, PUBLICATION, DISTRIBUTION, MANUFACTURE, AND COPYRIGHT NOTICE | |
| Place of production, publication, distribution, manufacture | عمان : |
| Name of producer, publisher, distributor, manufacturer | دار مجدلاوي للنشر و التوزيع، |
| Date of production, publication, distribution, manufacture, or copyright notice | 1992. |
| 300 ## - PHYSICAL DESCRIPTION | |
| Extent | 127ص : 157p |
| 500 ## - GENERAL NOTE | |
| General note | الكتاب باللغتين العربية و الإنجليزية |
| 650 17 - SUBJECT ADDED ENTRY--TOPICAL TERM | |
| Topical term or geographic name as entry element | الحرب النفسية |
| 650 17 - SUBJECT ADDED ENTRY--TOPICAL TERM | |
| Topical term or geographic name as entry element | القواميس |
| 650 17 - SUBJECT ADDED ENTRY--TOPICAL TERM | |
| Topical term or geographic name as entry element | المصطلحات |
| 700 1# - ADDED ENTRY--PERSONAL NAME | |
| Personal name | الطعاني، سليمان قسيم |
| 942 ## - ADDED ENTRY ELEMENTS (KOHA) | |
| Source of classification or shelving scheme | Dewey Decimal Classification |
| Koha item type | مراجع |
| حالة السحب | حالة الفقدان | مصدر التصنيف | حالة التلف | غير قابل للإعارة | المكتبة الرئيسية | المكتبة الحالية | موقع الرف | تاريخ التزويد | الرقم المتسلسل | Total Checkouts | رقم الإستدعاء | الباركود | تاريخ آخر ظهور | تاريخ الفاتورة | نوع المادة (كوها) |
|---|---|---|---|---|---|---|---|---|---|---|---|---|---|---|---|
| Dewey Decimal Classification | Not For Loan | المكتبة المركزية | المكتبة المركزية | مراجع | 06/07/2004 | 170932 | م/327.1403/عرق | 170932 | 28/07/2025 | 06/07/2004 | مراجع | ||||
| Dewey Decimal Classification | Not For Loan | مكتبة الاميرة بديعة | مكتبة الاميرة بديعة | مراجع | 06/07/2004 | 3187 | م/327.1403/عرق | 3187 | 28/07/2025 | 06/07/2004 | مراجع | ||||
| Dewey Decimal Classification | Not For Loan | مكتبة الجويدة | مكتبة الجويدة | مراجع | 18/06/2015 | [2902] | م/327.1403/عرق | PLD00332697 | 28/07/2025 | 18/06/2015 | مراجع | ||||
| Dewey Decimal Classification | Not For Loan | مكتبة الحسن العامة | مكتبة الحسن العامة | مراجع | 17/03/2019 | [6776].. | م/327.1403/عرق | PLD00447007 | 28/07/2025 | 17/03/2019 | مراجع | ||||
| Dewey Decimal Classification | Not For Loan | مكتبة النصر العامة | مكتبة النصر العامة | مراجع | 06/07/2004 | 4921 | م/327.1403/عرق | DUP-01_4921 | 28/07/2025 | 06/07/2004 | مراجع | ||||
| Dewey Decimal Classification | Not For Loan | مكتبة صويلح العامة | مكتبة صويلح العامة | مراجع | 06/07/2004 | 6219 | م/327.1403/عرق | DUP-01_6219 | 28/07/2025 | 06/07/2004 | مراجع | ||||
| Dewey Decimal Classification | Not For Loan | مكتبة وادي السير العامة | مكتبة وادي السير العامة | مراجع | 06/07/2004 | 3587 | م/327.1403/عرق | 3587 | 28/07/2025 | 06/07/2004 | مراجع |